| 000 | 00623nam a22002053a 4500 | ||
|---|---|---|---|
| 005 | 20240924071213.0 | ||
| 008 | 010801s1988 mx r 000 0 spa d | ||
| 020 | _a9686177221 | ||
| 035 | _aUPN01000110420 | ||
| 049 | _aI | ||
| 050 | 4 |
_aPS3377.5 S3 _bG3.4 |
|
| 100 | 1 |
_aGarcía, Horacio _935214 |
|
| 245 | 1 | 0 |
_aLuces de bengala : _baventura, ficción y ciencia / _cHoracio García ; il. Ignacio Pérez-Duarte. |
| 260 |
_aMéxico : _bPangea : _bUAM-Xochimilco, _c1988. |
||
| 300 |
_a59 p. : _bil. |
||
| 440 | 0 | _aSubernautas | |
| 650 | 4 |
_aLiteratura infantil _94445 |
|
| 650 | 4 |
_aCiencia ficción _95230 |
|
| 905 | _aInfantil | ||
| 999 |
_c84329 _d84329 |
||